| 000 | 00896cam a2200217 a 4500 | ||
|---|---|---|---|
| 001 | 000014614 | ||
| 003 | UkOxU | ||
| 005 | 20200929163857.0 | ||
| 008 | 881018s1966 ve b 000 0 spa u | ||
| 040 |
_aDO-SdBNP _bspa _cBNPHU |
||
| 082 |
_a179.9 _bL814c |
||
| 100 | 1 |
_aLocke, John, _d1632-1704. _933101 |
|
| 245 | 1 | 0 |
_aCarta sobre la tolerancia / _cJohn Locke ; traducción de María Luengo de Valdes, introducción de Pedro Bravo Gala. |
| 260 |
_aCaracas : _bUniversidad Central de Venezuela ; _bFacultad de Derecho ; _bInstituto de Estudios Políticos, _c1966. |
||
| 300 |
_a136 p. ; _c19 cm. |
||
| 500 | _aTraducción de: una carta sobre la tolerancia. Originalmente publicado en latín como: de Tolerantie misiva. | ||
| 650 | 4 |
_aTolerancia _933102 |
|
| 650 | 4 |
_aLibertad religiosa _933103 |
|
| 700 | 1 |
_aLuengo de Valdes, María, _etr. _933104 |
|
| 700 | 1 |
_aBravo, Pedro, _eint. _q(Bravo Gala) _933105 |
|
| 999 |
_c14199 _d14199 |
||